=LDR 00000nam 2200000 4500 =001 NUTBA000000000005029 =005 20250325105723 =035 ##$$a 0010-101400000000259 =008 250325################g##########0#ind## =020 ##$$a 978-744-456-2 =040 ##$$a NBPDMAT =090 ##$$a 028.5 $b Ibn a =100 ##$$a Ibnu Suroso =245 1#$$a Agung anak transmigrasi /$c Ibnu Suroso; editor, Ranti Rusli =260 ##$$a Jakarta :$b Azka Press,$c 2011 =300 ##$$a 98 hlm. : $b ilus. ; $c 21 cm. =650 #4$$a Bacaan Kanak- kanak =850 ##$$a NBPDMAT =082 ##$$a 028.5 =084 ##$$a 028.5 IBN a =990 ##$$a 21412087 =990 ##$$a 21412088 =990 ##$$a 21412089 =990 ##$$a 21412090 =990 ##$$a 21412091